000 00330nam a22001457a 4500
003 OSt
005 20160727222404.0
008 160623b xxu||||| |||| 00| 0 eng d
040 _cTest
100 _9786
_aBurkett, L
245 _aSolar Flare
260 _aChicago
_b Northfield Pub.
_c1997
300 _aSolar Flare
942 _2ddc
_cBK
999 _c629
_d629